Vista normal
Vista MARC
Entrada Personal Name
Número de registros utilizados en: 3
001 - CONTROL NUMBER
- control field: 10086
003 - CONTROL NUMBER IDENTIFIER
- control field: DLC
005 - DATE AND TIME OF LATEST TRANSACTION
- control field: 20191010164846.0
008 - FIXED-LENGTH DATA ELEMENTS
- fixed length control field: 800509n| acannaabn |a aaa
010 ## - LIBRARY OF CONGRESS CONTROL NUMBER
- LC control number: n 50021819
035 ## - SYSTEM CONTROL NUMBER
- System control number: (OCoLC)oca00057239
040 ## - CATALOGING SOURCE
- Original cataloging agency: DLC
- Language of cataloging: spa
- Transcribing agency: Mx-PuUPA
- Modifying agency: UPB
- Modifying agency: IEN
- Modifying agency: Mx-PuUPA
046 ## - SPECIAL CODED DATES
- Birth date: 1913
- Death date: 1987
100 1# - HEADING--PERSONAL NAME
- Personal name: Powell, Philip Wayne,
- Dates associated with a name: 1913-1987
370 ## - ASSOCIATED PLACE
- Place of birth: Estados Unidos
372 ## - FIELD OF ACTIVITY
- Field of activity: Historia de México
373 ## - ASSOCIATED GROUP
- Associated group: Universidad de California
- Start period: 1948
- End period: 1981
374 ## - OCCUPATION
- Occupation: Autor
- Occupation: Doctor en historia
- Occupation: Profesor universitario
375 ## - GENDER
- Gender: hombre
377 ## - ASSOCIATED LANGUAGE
- Language code: eng
500 1# - SEE ALSO FROM TRACING--PERSONAL NAME
- Personal name: Wayne, Philip
670 ## - SOURCE DATA FOUND
- Source citation: His Soldiers, Indians and silver, 1952.
670 ## - SOURCE DATA FOUND
- Source citation: Ponzoña en las nieves, 2000:
- Information found: t.p. (Philip Wayne) p. 15 (In order to hide his academic identity, Philip Wayne Powell [a noted scholar in Northern Mexican history, published this historical novel under his first and second names, Philip Wayne)
670 ## - SOURCE DATA FOUND
- Source citation: Info. converted from 678, 2012-10-02
- Information found: (b. 1913; Ph.D.)